Don't expect change at the speed of light (Record no. 84378)
[ view plain ]
| 000 -LEADER | |
|---|---|
| fixed length control field | 00825cab a22001935a 4500 |
| 001 - CONTROL NUMBER | |
| control field | L157429 |
| 008 - FIXED-LENGTH DATA ELEMENTS--GENERAL INFORMATION | |
| fixed length control field | 121129e20121124xxk 000 0 eng d |
| 035 ## - SYSTEM CONTROL NUMBER | |
| System control number | (Sirsi) u157429 |
| 041 0# - LANGUAGE CODE | |
| Language code of text/sound track or separate title | eng |
| 100 1# - MAIN ENTRY--PERSONAL NAME | |
| Personal name | Humphreys, Emma |
| 245 00 - TITLE STATEMENT | |
| Title | Don't expect change at the speed of light |
| 260 ## - PUBLICATION, DISTRIBUTION, ETC. | |
| Date of publication, distribution, etc. | 2012 |
| 490 ## - SERIES STATEMENT | |
| Series statement | Estates Gazette |
| Volume/sequential designation | (1247) 24 November 2012, 124(1) |
| 520 ## - SUMMARY, ETC. | |
| Summary, etc. | Discusses rights to light in the context of the Law Commission's investigation of the issue. Notes that case law since 2006 has emphasised primacy of injunction as the remedy for rights of light infringement and this gives neighbours affected by either commercial or residential redevelopments a good chance of preventing a development |
| 590 ## - LOCAL NOTE (RLIN) | |
| Local note | KA |
| 651 #4 - SUBJECT ADDED ENTRY--GEOGRAPHIC NAME | |
| Geographic name | England and Wales |
| Chronological subdivision | 1543- |
| 690 ## - LOCAL SUBJECT ADDED ENTRY--TOPICAL TERM (OCLC, RLIN) | |
| Topical term or geographic name as entry element | Rights of light |
| 9 (RLIN) | 6267 |
| 942 ## - ADDED ENTRY ELEMENTS (KOHA) | |
| Suppress in OPAC | 0 |
| Withdrawn status | Lost status | Source of classification or shelving scheme | Damaged status | Not for loan | Home library | Current library | Shelving location | Date acquired | Total Checkouts | Full call number | Barcode | Date last seen | Copy number | Price effective from | Koha item type |
|---|---|---|---|---|---|---|---|---|---|---|---|---|---|---|---|
| Dewey Decimal Classification | London | London | Journal article | 29/11/2012 | L157429 | 157429-1001 | 06/08/2019 | 1 | 06/08/2019 | Journal article |